[Event "Steinthor Baldursson memorial 2018"]
[Site "?"]
[Date "2018.01.06"]
[Round "5"]
[White "Ragnarsson, Dagur"]
[Black "Tokranovs, Dmitrijs"]
[Result "1/2-1/2"]
[WhiteElo "2332"]
[BlackElo "2354"]
[PlyCount "64"]
[EventDate "2018.??.??"]
[EventType "swiss"]
[EventCountry "ISL"]
[SourceTitle "Kopavogur"]
[TimeControl "5400+30"]
[WhiteClock "0:13:22"]
[BlackClock "0:15:37"]

1. d4 {[%emt 0:00:00]} Nf6 {[%emt 0:00:00]} 2. c4 {[%emt 0:00:12]} c5 {[%emt 0:01:21]} 3. d5 {[%emt 0:00:09]} b5 {[%emt 0:00:05]} 4. Qc2 {[%emt 0:00:55]} g6 {[%emt 0:02:23]} 5. e4 {[%emt 0:00:18]} bxc4 {[%emt 0:01:01]} 6. Bxc4 {[%emt 0:03:03]} d6 {[%emt 0:00:05]} 7. Ne2 {[%emt 0:02:26]} Bg7 {[%emt 0:00:07]} 8. O-O {[%emt 0:01:21]} O-O {[%emt 0:00:23]} 9. Bg5 {[%emt 0:04:57]} Ba6 {[%emt 0:03:40]} 10. Nd2 {[%emt 0:01:20]} Qb6 {[%emt 0:02:55]} 11. h3 {[%emt 0:05:04]} Nbd7 {[%emt 0:04:55]} 12. f4 {[%emt 0:02:17]} Rab8 {[%emt 0:01:42]} 13. Rab1 {[%emt 0:00:15]} Qa5 {[%emt 0:02:08]} 14. Rf3 {[%emt 0:01:06]} Bxc4 {[%emt 0:03:35]} 15. Nxc4 {[%emt 0:00:43]} Qc7 {[%emt 0:00:48]} 16. Rd1 {[%emt 0:10:11]} Nb6 {[%emt 0:04:09]} 17. Ne3 {[%emt 0:02:21]} Qb7 {[%emt 0:09:41]} 18. Nc3 {[%emt 0:04:14]} Rfd8 {[%emt 0:13:26]} 19. e5 {[%emt 0:15:42]} dxe5 {[%emt 0:16:10]} 20. fxe5 {[%emt 0:00:09]} Nfd7 {[%emt 0:00:12]} 21. e6 {[%emt 0:02:19]} fxe6 {[%emt 0:04:32]} 22. dxe6 {[%emt 0:00:06]} Ne5 {[%emt 0:00:02]} 23. Rff1 {[%emt 0:03:15]} c4 {[%emt 0:04:23]} 24. Qf2 {[%emt 0:03:14]} Qc6 {[%emt 0:04:25]} 25. Rxd8+ {[%emt 0:07:12]} Rxd8 {[%emt 0:00:05]} 26. Bxe7 {[%emt 0:03:27]} Re8 {[%emt 0:00:04]} 27. Bf6 {[%emt 0:05:51]} Qxe6 {[%emt 0:03:47]} 28. Bxg7 {[%emt 0:00:09]} Kxg7 {[%emt 0:00:10]} 29. Qh4 {[%emt 0:03:56]} Re7 {[%emt 0:04:28]} 30. Qg5 {[%emt 0:02:31]} Rf7 {[%emt 0:01:15]} 31. Rxf7+ {[%emt 0:00:14]} Nxf7 {[%emt 0:00:29]} 32. Qf4 {[%emt 0:01:26]} Qe5 {[%emt 0:00:12]} 1/2-1/2

[Event "Steinthor Baldursson memorial 2018"]
[Site "?"]
[Date "2018.01.06"]
[Round "5"]
[White "Johannesson, Oliver Aron"]
[Black "Jappinen, Erland"]
[Result "1/2-1/2"]
[WhiteElo "2277"]
[BlackElo "2026"]
[PlyCount "67"]
[EventDate "2018.??.??"]
[EventType "swiss"]
[EventCountry "ISL"]
[SourceTitle "Kopavogur"]
[TimeControl "5400+30"]
[WhiteClock "0:45:30"]
[BlackClock "0:59:25"]

1. Nf3 {[%emt 0:02:38]} d5 {[%emt 0:00:03]} 2. c4 {[%emt 0:00:08]} c6 {[%emt 0:00:54]} 3. g3 {[%emt 0:00:07]} Nf6 {[%emt 0:01:22]} 4. Bg2 {[%emt 0:00:04]} Bf5 {[%emt 0:02:43]} 5. cxd5 {[%emt 0:00:20]} cxd5 {[%emt 0:00:31]} 6. Qb3 {[%emt 0:00:05]} Qb6 {[%emt 0:01:07]} 7. Qxb6 {[%emt 0:01:02]} axb6 {[%emt 0:00:01]} 8. Nc3 {[%emt 0:00:25]} Nc6 {[%emt 0:05:58]} 9. d3 {[%emt 0:01:34]} e5 {[%emt 0:03:51]} 10. O-O {[%emt 0:05:29]} h6 {[%emt 0:01:07]} 11. e4 {[%emt 0:08:13]} dxe4 {[%emt 0:02:44]} 12. dxe4 {[%emt 0:03:37]} Be6 {[%emt 0:07:59]} 13. Rd1 {[%emt 0:05:07]} Bc5 {[%emt 0:01:59]} 14. Nd5 {[%emt 0:01:24]} Nxe4 {[%emt 0:08:38]} 15. Nc7+ {[%emt 0:01:09]} Ke7 {[%emt 0:00:16]} 16. Be3 {[%emt 0:01:53]} Bxe3 {[%emt 0:01:08]} 17. fxe3 {[%emt 0:00:08]} Rxa2 {[%emt 0:03:29]} 18. Rxa2 {[%emt 0:02:25]} Bxa2 {[%emt 0:00:33]} 19. Nxe5 {[%emt 0:00:11]} Nxe5 {[%emt 0:00:16]} 20. Bxe4 {[%emt 0:00:02]} Nc6 {[%emt 0:03:44]} 21. Nd5+ {[%emt 0:02:04]} Bxd5 {[%emt 0:00:50]} 22. Rxd5 {[%emt 0:00:03]} Rd8 {[%emt 0:01:54]} 23. Rb5 {[%emt 0:00:08]} Kd6 {[%emt 0:00:30]} 24. Rxb6 {[%emt 0:00:22]} Kc7 {[%emt 0:00:16]} 25. Rb5 {[%emt 0:00:58]} Rd2 {[%emt 0:00:47]} 26. Rf5 {[%emt 0:01:54]} f6 {[%emt 0:00:41]} 27. Rf2 {[%emt 0:01:44]} Rxf2 {[%emt 0:04:38]} 28. Kxf2 {[%emt 0:00:03]} Ne5 {[%emt 0:00:20]} 29. h3 {[%emt 0:01:09]} b6 {[%emt 0:00:12]} 30. b3 {[%emt 0:00:20]} Kd6 {[%emt 0:00:13]} 31. Ke2 {[%emt 0:01:51]} Kc5 {[%emt 0:00:49]} 32. Kd2 {[%emt 0:00:13]} Kb4 {[%emt 0:00:24]} 33. Bd5 {[%emt 0:00:07]} Kc5 {[%emt 0:01:03]} 34. Be4 {[%emt 0:00:38]} 1/2-1/2

[Event "Steinthor Baldursson memorial 2018"]
[Site "?"]
[Date "2018.01.06"]
[Round "5"]
[White "Jonsson, Gauti Pall"]
[Black "Jazdanovs, Aleksandrs"]
[Result "0-1"]
[WhiteElo "2161"]
[BlackElo "2218"]
[PlyCount "62"]
[EventDate "2018.??.??"]
[EventType "swiss"]
[EventCountry "ISL"]
[SourceTitle "Kopavogur"]
[TimeControl "5400+30"]
[WhiteClock "0:35:42"]
[BlackClock "0:52:31"]

1. e4 {[%emt 0:00:00]} c5 {[%emt 0:00:00]} 2. Nf3 {[%emt 0:00:00]} d6 {[%emt 0:00:00]} 3. d4 {[%emt 0:00:11]} cxd4 {[%emt 0:00:00]} 4. Nxd4 {[%emt 0:00:13]} Nf6 {[%emt 0:00:06]} 5. Nc3 {[%emt 0:00:10]} a6 {[%emt 0:00:07]} 6. h4 {[%emt 0:00:34]} e5 {[%emt 0:01:50]} 7. Nb3 {[%emt 0:00:12]} Be7 {[%emt 0:04:52]} 8. Bg5 {[%emt 0:01:35]} Nbd7 {[%emt 0:02:14]} 9. Be2 {[%emt 0:03:40]} O-O {[%emt 0:02:29]} 10. g4 {[%emt 0:02:43]} h6 {[%emt 0:03:49]} 11. Bxf6 {[%emt 0:02:15]} Nxf6 {[%emt 0:03:33]} 12. g5 {[%emt 0:01:57]} hxg5 {[%emt 0:04:17]} 13. hxg5 {[%emt 0:00:12]} Ne8 {[%emt 0:01:07]} 14. g6 {[%emt 0:00:47]} Be6 {[%emt 0:00:57]} 15. Bc4 {[%emt 0:00:42]} Bg5 {[%emt 0:02:15]} 16. Qh5 {[%emt 0:06:04]} Bh6 {[%emt 0:00:33]} 17. gxf7+ {[%emt 0:03:33]} Bxf7 {[%emt 0:00:01]} 18. Rg1 {[%emt 0:04:40]} Qf6 {[%emt 0:05:37]} 19. Rg6 {[%emt 0:02:24]} Bxc4 {[%emt 0:09:43]} 20. Rxf6 {[%emt 0:00:29]} Nxf6 {[%emt 0:00:12]} 21. Qh3 {[%emt 0:01:06]} Rae8 {[%emt 0:04:22]} 22. Nd2 {[%emt 0:01:50]} Be6 {[%emt 0:03:30]} 23. Qg2 {[%emt 0:04:08]} Ng4 {[%emt 0:09:29]} 24. O-O-O {[%emt 0:02:29]} Rxf2 {[%emt 0:00:35]} 25. Qg3 {[%emt 0:02:20]} Bf4 {[%emt 0:01:44]} 26. Qd3 {[%emt 0:01:29]} Ne3 {[%emt 0:02:24]} 27. Re1 {[%emt 0:02:51]} Nxc2 {[%emt 0:02:28]} 28. Re2 {[%emt 0:01:06]} Nb4 {[%emt 0:01:08]} 29. Qxd6 {[%emt 0:02:25]} Rf1+ {[%emt 0:00:19]} 30. Nd1 {[%emt 0:00:20]} Rc8+ {[%emt 0:00:05]} 31. Qc7 {[%emt 0:00:34]} Rxc7+ {[%emt 0:00:02]} 0-1

[Event "Steinthor Baldursson memorial 2018"]
[Site "?"]
[Date "2018.01.06"]
[Round "5"]
[White "Mai, Aron Thor"]
[Black "Briem, Stephan"]
[Result "0-1"]
[WhiteElo "2066"]
[BlackElo "1890"]
[PlyCount "50"]
[EventDate "2018.??.??"]
[EventType "swiss"]
[EventCountry "ISL"]
[SourceTitle "Kopavogur"]
[TimeControl "5400+30"]
[WhiteClock "0:20:10"]
[BlackClock "0:13:58"]

1. e4 {[%emt 0:00:00]} c5 {[%emt 0:02:31]} 2. Nf3 {[%emt 0:00:00]} d6 {[%emt 0:00:29]} 3. d4 {[%emt 0:00:00]} cxd4 {[%emt 0:00:12]} 4. Nxd4 {[%emt 0:00:00]} Nf6 {[%emt 0:00:34]} 5. Nc3 {[%emt 0:00:09]} a6 {[%emt 0:00:51]} 6. Bg5 {[%emt 0:00:11]} Nbd7 {[%emt 0:00:51]} 7. f4 {[%emt 0:00:39]} Qc7 {[%emt 0:00:59]} 8. Qf3 {[%emt 0:01:14]} h6 {[%emt 0:01:02]} 9. Bxf6 {[%emt 0:05:33]} Nxf6 {[%emt 0:00:44]} 10. f5 {[%emt 0:00:36]} Qc5 {[%emt 0:03:26]} 11. O-O-O {[%emt 0:03:31]} g5 {[%emt 0:04:36]} 12. fxg6 {[%emt 0:17:53]} Bg4 {[%emt 0:01:10]} 13. gxf7+ {[%emt 0:00:34]} Kxf7 {[%emt 0:00:19]} 14. Qd3 {[%emt 0:01:45]} Bxd1 {[%emt 0:00:49]} 15. Nxd1 {[%emt 0:00:21]} Bg7 {[%emt 0:20:12]} 16. Nf5 {[%emt 0:06:10]} Rad8 {[%emt 0:06:14]} 17. Nde3 {[%emt 0:26:06]} e6 {[%emt 0:09:12]} 18. Nxg7 {[%emt 0:03:02]} Kxg7 {[%emt 0:01:07]} 19. g4 {[%emt 0:01:46]} d5 {[%emt 0:05:47]} 20. Bg2 {[%emt 0:14:16]} dxe4 {[%emt 0:08:23]} 21. Qb3 {[%emt 0:00:34]} b5 {[%emt 0:06:00]} 22. Re1 {[%emt 0:00:41]} Rd3 {[%emt 0:01:45]} 23. Qxe6 {[%emt 0:01:31]} Rxe3 {[%emt 0:00:39]} 24. Rf1 {[%emt 0:00:09]} Rf8 {[%emt 0:03:38]} 25. g5 {[%emt 0:01:51]} Qxg5 {[%emt 0:00:50]} 0-1

[Event "Steinthor Baldursson memorial 2018"]
[Site "?"]
[Date "2018.01.06"]
[Round "5"]
[White "Mai, Alexander Oliver"]
[Black "Birkisson, Bjorn Holm"]
[Result "1/2-1/2"]
[WhiteElo "1970"]
[BlackElo "2084"]
[PlyCount "49"]
[EventDate "2018.??.??"]
[EventType "swiss"]
[EventCountry "ISL"]
[SourceTitle "Kopavogur"]
[TimeControl "5400+30"]
[WhiteClock "0:27:55"]
[BlackClock "0:45:35"]

1. Nf3 {[%emt 0:00:00]} Nf6 {[%emt 0:07:20]} 2. c4 {[%emt 0:00:35]} e6 {[%emt 0:00:23]} 3. g3 {[%emt 0:00:20]} d5 {[%emt 0:00:34]} 4. d4 {[%emt 0:00:23]} Be7 {[%emt 0:00:12]} 5. Bg2 {[%emt 0:00:13]} O-O {[%emt 0:00:07]} 6. O-O {[%emt 0:00:36]} dxc4 {[%emt 0:00:04]} 7. Qc2 {[%emt 0:00:50]} a6 {[%emt 0:00:07]} 8. a4 {[%emt 0:00:22]} Bd7 {[%emt 0:00:40]} 9. Qxc4 {[%emt 0:00:46]} Bc6 {[%emt 0:01:49]} 10. Bf4 {[%emt 0:02:40]} Nbd7 {[%emt 0:31:57]} 11. Rd1 {[%emt 0:09:46]} Rc8 {[%emt 0:01:36]} 12. Nc3 {[%emt 0:04:34]} Qe8 {[%emt 0:05:18]} 13. a5 {[%emt 0:04:22]} Nd5 {[%emt 0:05:26]} 14. Nxd5 {[%emt 0:06:16]} Bxd5 {[%emt 0:01:49]} 15. Qd3 {[%emt 0:00:46]} Nf6 {[%emt 0:02:41]} 16. Bg5 {[%emt 0:03:13]} Qb5 {[%emt 0:07:34]} 17. Qxb5 {[%emt 0:03:57]} axb5 {[%emt 0:00:04]} 18. a6 {[%emt 0:05:26]} bxa6 {[%emt 0:02:00]} 19. Rxa6 {[%emt 0:00:10]} Ra8 {[%emt 0:00:35]} 20. Rda1 {[%emt 0:02:11]} Rxa6 {[%emt 0:00:28]} 21. Rxa6 {[%emt 0:00:04]} Ra8 {[%emt 0:00:23]} 22. Rxa8+ {[%emt 0:00:27]} Bxa8 {[%emt 0:00:05]} 23. Ne5 {[%emt 0:07:58]} Bxg2 {[%emt 0:01:51]} 24. Kxg2 {[%emt 0:00:02]} Nd5 {[%emt 0:01:02]} 25. Bxe7 {[%emt 0:00:58]} 1/2-1/2

[Event "Steinthor Baldursson memorial 2018"]
[Site "?"]
[Date "2018.01.06"]
[Round "5"]
[White "Bannout, Edvin"]
[Black "Davidsson, Oskar Vikingur"]
[Result "1/2-1/2"]
[WhiteElo "1869"]
[BlackElo "1854"]
[PlyCount "56"]
[EventDate "2018.??.??"]
[EventType "swiss"]
[EventCountry "ISL"]
[SourceTitle "Kopavogur"]
[TimeControl "5400+30"]
[WhiteClock "0:34:09"]
[BlackClock "0:37:04"]

1. c4 {[%emt 0:00:00]} c5 {[%emt 0:00:09]} 2. Nc3 {[%emt 0:00:00]} Nc6 {[%emt 0:00:29]} 3. g3 {[%emt 0:00:02]} g6 {[%emt 0:01:50]} 4. Bg2 {[%emt 0:00:02]} Bg7 {[%emt 0:00:37]} 5. Nf3 {[%emt 0:04:21]} e5 {[%emt 0:01:14]} 6. O-O {[%emt 0:00:15]} d6 {[%emt 0:00:55]} 7. d3 {[%emt 0:03:01]} Nge7 {[%emt 0:00:41]} 8. Ne1 {[%emt 0:00:26]} O-O {[%emt 0:02:59]} 9. Nc2 {[%emt 0:00:32]} Be6 {[%emt 0:03:32]} 10. Ne3 {[%emt 0:05:30]} Qd7 {[%emt 0:02:55]} 11. Ned5 {[%emt 0:02:18]} Bh3 {[%emt 0:03:07]} 12. e4 {[%emt 0:04:28]} Bxg2 {[%emt 0:00:34]} 13. Kxg2 {[%emt 0:00:13]} Nxd5 {[%emt 0:02:06]} 14. Nxd5 {[%emt 0:00:57]} Ne7 {[%emt 0:03:11]} 15. Nxe7+ {[%emt 0:04:23]} Qxe7 {[%emt 0:00:10]} 16. Bd2 {[%emt 0:04:14]} f5 {[%emt 0:01:45]} 17. f3 {[%emt 0:03:45]} Rf7 {[%emt 0:05:26]} 18. Qe2 {[%emt 0:02:16]} Raf8 {[%emt 0:01:02]} 19. a3 {[%emt 0:01:19]} b6 {[%emt 0:04:05]} 20. b4 {[%emt 0:02:11]} Qe6 {[%emt 0:03:13]} 21. Rab1 {[%emt 0:03:15]} Rc8 {[%emt 0:07:08]} 22. a4 {[%emt 0:08:03]} Rb7 {[%emt 0:06:32]} 23. Rb2 {[%emt 0:02:57]} Qd7 {[%emt 0:02:49]} 24. Qd1 {[%emt 0:02:27]} Rcb8 {[%emt 0:01:54]} 25. Qb3 {[%emt 0:01:33]} Bf6 {[%emt 0:00:51]} 26. Rfb1 {[%emt 0:01:48]} Qc6 {[%emt 0:04:58]} 27. Ra1 {[%emt 0:04:39]} a5 {[%emt 0:04:57]} 28. b5 {[%emt 0:02:01]} Qd7 {[%emt 0:00:42]} 1/2-1/2

[Event "Steinthor Baldursson memorial 2018"]
[Site "?"]
[Date "2018.01.06"]
[Round "5"]
[White "Zarovs, Aleksandrs"]
[Black "Johannsson, Birkir Isak"]
[Result "1/2-1/2"]
[WhiteElo "1831"]
[BlackElo "1760"]
[PlyCount "33"]
[EventDate "2018.??.??"]
[EventType "swiss"]
[EventCountry "ISL"]
[SourceTitle "Kopavogur"]
[TimeControl "5400+30"]
[WhiteClock "0:36:52"]
[BlackClock "0:28:28"]

1. e4 {[%emt 0:00:00]} c5 {[%emt 0:02:23]} 2. Nf3 {[%emt 0:00:00]} d6 {[%emt 0:00:09]} 3. Bb5+ {[%emt 0:00:00]} Bd7 {[%emt 0:00:38]} 4. Bxd7+ {[%emt 0:00:00]} Qxd7 {[%emt 0:00:01]} 5. O-O {[%emt 0:00:10]} Nf6 {[%emt 0:00:30]} 6. e5 {[%emt 0:00:10]} dxe5 {[%emt 0:04:01]} 7. Nxe5 {[%emt 0:00:07]} Qd6 {[%emt 0:00:23]} 8. Qe2 {[%emt 0:03:38]} Nbd7 {[%emt 0:05:11]} 9. f4 {[%emt 0:03:58]} e6 {[%emt 0:03:05]} 10. Nc3 {[%emt 0:06:37]} a6 {[%emt 0:02:18]} 11. Nxd7 {[%emt 0:06:26]} Nxd7 {[%emt 0:08:42]} 12. b3 {[%emt 0:06:55]} Be7 {[%emt 0:12:59]} 13. Bb2 {[%emt 0:01:16]} Qd4+ {[%emt 0:07:45]} 14. Kh1 {[%emt 0:01:05]} O-O {[%emt 0:00:04]} 15. Rf3 {[%emt 0:11:56]} Nf6 {[%emt 0:05:40]} 16. f5 {[%emt 0:16:38]} Rad8 {[%emt 0:07:19]} 17. Rd3 {[%emt 0:11:06]} 1/2-1/2

[Event "Steinthor Baldursson memorial 2018"]
[Site "?"]
[Date "2018.01.06"]
[Round "5"]
[White "Skaale, Janus"]
[Black "Thorhallsson, Simon"]
[Result "0-1"]
[WhiteElo "1752"]
[BlackElo "2040"]
[PlyCount "70"]
[EventDate "2018.??.??"]
[EventType "swiss"]
[EventCountry "ISL"]
[SourceTitle "Kopavogur"]
[TimeControl "5400+30"]
[WhiteClock "0:17:53"]
[BlackClock "0:01:44"]

1. e4 {[%emt 0:00:00]} c5 {[%emt 0:01:24]} 2. Nf3 {[%emt 0:00:00]} d6 {[%emt 0:00:12]} 3. Bb5+ {[%emt 0:00:00]} Nd7 {[%emt 0:02:22]} 4. O-O {[%emt 0:03:25]} a6 {[%emt 0:01:24]} 5. Bxd7+ {[%emt 0:01:16]} Bxd7 {[%emt 0:00:08]} 6. c3 {[%emt 0:01:18]} Nf6 {[%emt 0:05:02]} 7. Re1 {[%emt 0:00:16]} Bc6 {[%emt 0:09:23]} 8. d3 {[%emt 0:14:03]} e6 {[%emt 0:06:11]} 9. Bg5 {[%emt 0:06:56]} Be7 {[%emt 0:01:01]} 10. Nbd2 {[%emt 0:04:27]} h6 {[%emt 0:01:38]} 11. Bh4 {[%emt 0:10:42]} g5 {[%emt 0:10:11]} 12. Bg3 {[%emt 0:00:06]} Nh5 {[%emt 0:00:36]} 13. Nf1 {[%emt 0:05:17]} Nxg3 {[%emt 0:01:28]} 14. Nxg3 {[%emt 0:00:59]} h5 {[%emt 0:00:47]} 15. d4 {[%emt 0:00:52]} g4 {[%emt 0:05:01]} 16. Nd2 {[%emt 0:00:11]} Bg5 {[%emt 0:01:17]} 17. d5 {[%emt 0:06:04]} Bd7 {[%emt 0:00:57]} 18. e5 {[%emt 0:06:56]} exd5 {[%emt 0:10:42]} 19. c4 {[%emt 0:02:00]} h4 {[%emt 0:04:33]} 20. exd6+ {[%emt 0:04:10]} Kf8 {[%emt 0:00:28]} 21. Ngf1 {[%emt 0:04:42]} g3 {[%emt 0:04:06]} 22. hxg3 {[%emt 0:02:18]} hxg3 {[%emt 0:00:13]} 23. Nxg3 {[%emt 0:01:49]} Bxd2 {[%emt 0:05:42]} 24. Qxd2 {[%emt 0:00:07]} Qh4 {[%emt 0:00:55]} 25. Qe3 {[%emt 0:17:27]} Re8 {[%emt 0:00:51]} 26. Qxe8+ {[%emt 0:02:42]} Bxe8 {[%emt 0:00:08]} 27. Re7 {[%emt 0:01:35]} Bc6 {[%emt 0:03:28]} 28. Rc7 {[%emt 0:02:11]} Qh2+ {[%emt 0:06:10]} 29. Kf1 {[%emt 0:00:12]} d4 {[%emt 0:01:25]} 30. d7 {[%emt 0:01:35]} Qxg2+ {[%emt 0:00:49]} 31. Ke2 {[%emt 0:00:26]} Qf3+ {[%emt 0:00:23]} 32. Kf1 {[%emt 0:01:15]} Bxd7 {[%emt 0:00:12]} 33. Rxd7 {[%emt 0:00:17]} Rh1+ {[%emt 0:00:12]} 34. Nxh1 {[%emt 0:00:07]} Qxh1+ {[%emt 0:00:07]} 35. Ke2 {[%emt 0:00:05]} Qxa1 {[%emt 0:00:11]} 0-1

[Event "Steinthor Baldursson memorial 2018"]
[Site "?"]
[Date "2018.01.06"]
[Round "5"]
[White "Fjallheim, Leif Reinert"]
[Black "Briem, Benedikt"]
[Result "1/2-1/2"]
[WhiteElo "1720"]
[BlackElo "1464"]
[PlyCount "49"]
[EventDate "2018.??.??"]
[EventType "swiss"]
[EventCountry "ISL"]
[SourceTitle "Kopavogur"]
[TimeControl "5400+30"]
[WhiteClock "0:57:40"]
[BlackClock "0:03:26"]

1. Nf3 {[%emt 0:00:00]} c5 {[%emt 0:01:10]} 2. g3 {[%emt 0:00:51]} d6 {[%emt 0:00:20]} 3. e4 {[%emt 0:01:14]} e5 {[%emt 0:00:14]} 4. d3 {[%emt 0:01:16]} Nc6 {[%emt 0:00:11]} 5. c3 {[%emt 0:02:55]} Bg4 {[%emt 0:01:44]} 6. Bg2 {[%emt 0:01:53]} g6 {[%emt 0:00:11]} 7. h3 {[%emt 0:04:42]} Bxf3 {[%emt 0:01:14]} 8. Bxf3 {[%emt 0:01:34]} Bg7 {[%emt 0:00:37]} 9. Be3 {[%emt 0:08:06]} Nge7 {[%emt 0:01:12]} 10. Bg2 {[%emt 0:10:18]} O-O {[%emt 0:01:12]} 11. h4 {[%emt 0:11:11]} h6 {[%emt 0:02:50]} 12. Nd2 {[%emt 0:17:17]} Rb8 {[%emt 0:05:40]} 13. g4 {[%emt 0:05:39]} b5 {[%emt 0:05:32]} 14. f4 {[%emt 0:06:50]} exf4 {[%emt 0:05:15]} 15. Bxf4 {[%emt 0:00:04]} b4 {[%emt 0:00:28]} 16. Rc1 {[%emt 0:06:48]} bxc3 {[%emt 0:04:19]} 17. bxc3 {[%emt 0:00:10]} Ne5 {[%emt 0:01:07]} 18. Bxe5 {[%emt 0:08:56]} dxe5 {[%emt 0:02:04]} 19. Nc4 {[%emt 0:01:50]} Nc8 {[%emt 0:01:11]} 20. Rb1 {[%emt 0:02:24]} Nd6 {[%emt 0:02:23]} 21. Ne3 {[%emt 0:02:59]} Rxb1 {[%emt 0:02:38]} 22. Qxb1 {[%emt 0:00:02]} Bf6 {[%emt 0:01:30]} 23. h5 {[%emt 0:00:47]} Bh4+ {[%emt 0:00:48]} 24. Ke2 {[%emt 0:00:48]} g5 25. Nd5 1/2-1/2

[Event "Steinthor Baldursson memorial 2018"]
[Site "?"]
[Date "2018.01.06"]
[Round "5"]
[White "Apol, Luitjen Akselsson"]
[Black "Heidarsson, Arnar"]
[Result "1-0"]
[WhiteElo "1600"]
[BlackElo "1592"]
[PlyCount "59"]
[EventDate "2018.??.??"]
[EventType "swiss"]
[EventCountry "ISL"]
[SourceTitle "Kopavogur"]
[TimeControl "5400+30"]
[WhiteClock "0:09:31"]
[BlackClock "0:02:28"]

1. e4 {[%emt 0:00:00]} e5 {[%emt 0:00:17]} 2. Nc3 {[%emt 0:00:20]} Nf6 {[%emt 0:00:27]} 3. Bc4 {[%emt 0:00:31]} Bc5 {[%emt 0:00:32]} 4. d3 {[%emt 0:00:28]} h6 {[%emt 0:00:08]} 5. f4 {[%emt 0:24:06]} exf4 {[%emt 0:21:47]} 6. Bxf4 {[%emt 0:00:27]} d6 {[%emt 0:03:07]} 7. Nf3 {[%emt 0:05:09]} O-O {[%emt 0:01:18]} 8. Qd2 {[%emt 0:02:56]} Kh7 {[%emt 0:05:10]} 9. O-O-O {[%emt 0:03:48]} Nc6 {[%emt 0:03:12]} 10. d4 {[%emt 0:06:37]} Bb4 {[%emt 0:00:23]} 11. Bd3 {[%emt 0:00:25]} Ng8 {[%emt 0:02:35]} 12. h3 {[%emt 0:08:56]} g6 {[%emt 0:13:14]} 13. g4 {[%emt 0:02:40]} Re8 {[%emt 0:06:23]} 14. Rdf1 {[%emt 0:06:51]} Re7 {[%emt 0:10:28]} 15. Rhg1 {[%emt 0:03:08]} d5 {[%emt 0:01:58]} 16. e5 {[%emt 0:03:42]} Be6 {[%emt 0:00:51]} 17. h4 {[%emt 0:01:35]} Qd7 {[%emt 0:00:53]} 18. Be2 {[%emt 0:13:03]} Ree8 {[%emt 0:08:02]} 19. h5 {[%emt 0:03:18]} g5 {[%emt 0:05:34]} 20. Be3 {[%emt 0:04:39]} Be7 {[%emt 0:01:31]} 21. Bd3+ {[%emt 0:01:41]} Kh8 {[%emt 0:00:51]} 22. Bf5 {[%emt 0:02:23]} Qd8 {[%emt 0:00:47]} 23. Bxe6 {[%emt 0:01:30]} fxe6 {[%emt 0:00:02]} 24. Qd3 {[%emt 0:00:27]} Qd7 {[%emt 0:01:47]} 25. Nd2 {[%emt 0:01:01]} Bd8 {[%emt 0:00:37]} 26. Qg6 {[%emt 0:01:02]} Re7 {[%emt 0:02:02]} 27. Rf8 {[%emt 0:00:34]} Rg7 {[%emt 0:00:21]} 28. Qxh6+ {[%emt 0:00:10]} Rh7 {[%emt 0:00:15]} 29. Qg6 {[%emt 0:00:20]} Nce7 {[%emt 0:00:27]} 30. Qf6+ {[%emt 0:00:45]} 1-0

[Event "Steinthor Baldursson memorial 2018"]
[Site "?"]
[Date "2018.01.07"]
[Round "7"]
[White "Dijkhuis, Tycho"]
[Black "Jazdanovs, Aleksandrs"]
[Result "1/2-1/2"]
[WhiteElo "2402"]
[BlackElo "2218"]
[PlyCount "100"]
[EventDate "2018.??.??"]
[EventType "swiss"]
[EventCountry "ISL"]
[SourceTitle "Kopavogur"]
[TimeControl "5400+30"]
[WhiteClock "0:41:57"]
[BlackClock "0:04:51"]

1. e4 {[%emt 0:00:00]} c5 {[%emt 0:00:00]} 2. Nf3 {[%emt 0:00:00]} d6 {[%emt 0:00:00]} 3. Bb5+ {[%emt 0:00:00]} Bd7 {[%emt 0:00:00]} 4. Bxd7+ {[%emt 0:00:47]} Qxd7 {[%emt 0:00:00]} 5. O-O {[%emt 0:00:24]} Nf6 {[%emt 0:00:04]} 6. e5 {[%emt 0:00:56]} dxe5 {[%emt 0:00:07]} 7. Nxe5 {[%emt 0:00:04]} Qc7 {[%emt 0:00:06]} 8. Re1 {[%emt 0:02:45]} e6 {[%emt 0:00:33]} 9. Nc3 {[%emt 0:11:19]} a6 {[%emt 0:01:13]} 10. h3 {[%emt 0:06:34]} Nc6 {[%emt 0:02:47]} 11. Nxc6 {[%emt 0:00:25]} Qxc6 {[%emt 0:00:02]} 12. d3 {[%emt 0:00:15]} Be7 {[%emt 0:05:15]} 13. b3 {[%emt 0:04:17]} b5 {[%emt 0:04:26]} 14. Bb2 {[%emt 0:01:10]} c4 {[%emt 0:02:37]} 15. dxc4 {[%emt 0:04:40]} bxc4 {[%emt 0:00:39]} 16. Re3 {[%emt 0:13:36]} O-O {[%emt 0:08:35]} 17. Qe2 {[%emt 0:01:06]} Bd6 {[%emt 0:00:26]} 18. Re1 {[%emt 0:05:10]} Rfd8 {[%emt 0:06:32]} 19. Ne4 {[%emt 0:03:39]} Nxe4 {[%emt 0:03:21]} 20. Rxe4 {[%emt 0:00:18]} c3 {[%emt 0:02:20]} 21. Rc4 {[%emt 0:11:37]} Qxc4 {[%emt 0:00:14]} 22. Qxc4 {[%emt 0:00:08]} cxb2 {[%emt 0:00:09]} 23. Qc3 Ba3 {[%emt 0:06:08]} 24. b4 {[%emt 0:06:35]} Bxb4 {[%emt 0:00:12]} 25. Qxb4 {[%emt 0:00:04]} Rdb8 {[%emt 0:01:46]} 26. Qe4 {[%emt 0:00:27]} b1=Q {[%emt 0:00:10]} 27. Rxb1 {[%emt 0:00:05]} Rxb1+ {[%emt 0:00:09]} 28. Kh2 {[%emt 0:00:01]} Rc8 {[%emt 0:00:39]} 29. Qa4 {[%emt 0:00:12]} Rb6 {[%emt 0:01:21]} 30. Qa5 {[%emt 0:02:45]} Rbc6 {[%emt 0:00:27]} 31. a4 {[%emt 0:00:41]} g6 {[%emt 0:02:44]} 32. Kg1 {[%emt 0:00:03]} h5 {[%emt 0:00:42]} 33. g3 {[%emt 0:00:28]} Kh7 {[%emt 0:00:58]} 34. h4 {[%emt 0:00:27]} R8c7 {[%emt 0:03:01]} 35. Kg2 {[%emt 0:01:26]} f6 {[%emt 0:00:56]} 36. Kg1 {[%emt 0:00:39]} e5 {[%emt 0:00:22]} 37. Kg2 {[%emt 0:05:23]} Rd7 {[%emt 0:01:15]} 38. c4 {[%emt 0:02:56]} Rd4 {[%emt 0:03:32]} 39. Qb4 {[%emt 0:00:07]} Rd7 {[%emt 0:02:31]} 40. Qf8 {[%emt 0:00:47]} Rxc4 {[%emt 0:00:20]} 41. Qxf6 {[%emt 0:00:08]} Rxa4 {[%emt 0:00:34]} 42. Qxe5 {[%emt 0:00:18]} Rad4 {[%emt 0:00:50]} 43. Qa5 {[%emt 0:01:17]} R4d6 {[%emt 0:00:12]} 44. f3 {[%emt 0:06:27]} Rb7 {[%emt 0:01:08]} 45. Kh3 {[%emt 0:02:22]} Rf7 {[%emt 0:00:43]} 46. f4 {[%emt 0:04:14]} Rfd7 {[%emt 0:01:25]} 47. f5 {[%emt 0:02:23]} Rg7 {[%emt 0:01:15]} 48. fxg6+ {[%emt 0:00:33]} Rdxg6 {[%emt 0:00:06]} 49. Qxh5+ {[%emt 0:00:05]} Kg8 {[%emt 0:00:05]} 50. Qd5+ {[%emt 0:00:06]} Kh7 {[%emt 0:00:06]} 1/2-1/2